LEADER 01416nam 2200385 n 450 001 996385163503316 005 20221107222733.0 035 $a(CKB)1000000000604532 035 $a(EEBO)2240897819 035 $a(UnM)99842249 035 $a(EXLCZ)991000000000604532 100 $a19910501d1630 uy | 101 0 $aeng 135 $aurbn||||a|bb| 200 10$aHallelu-iah: praise yee the Lord, for the vnburthening of a loaden conscience$b[electronic resource] $eBy his grace is Iesus Christ vouchsafed vnto the worst sinner of all the world 210 $a[London? $cH. Lownes for J. Boler$d1630] 215 $a[4], 171, [1] p 300 $aSecond dedication signed: Richard Kilby. 300 $aImprint from STC. 300 $aRunning title reads: The vnburthening of a loaden conscience. 300 $aProbably issued with STC 14953: Kilby, Richard. The burthen of a loaden conscience. 300 $aPrint show-through. 300 $aReproduction of the original in the British Library. 330 $aeebo-0018 606 $aConscience$vEarly works to 1800 615 0$aConscience 700 $aKilby$b Richard$fd. 1617.$01006882 801 0$bCu-RivES 801 1$bCu-RivES 801 2$bCStRLIN 801 2$bWaOLN 906 $aBOOK 912 $a996385163503316 996 $aHallelu-iah: praise yee the Lord, for the vnburthening of a loaden conscience$92401419 997 $aUNISA LEADER 04999nam 2200613Ia 450 001 9910778165103321 005 20221108025542.0 010 $a0-674-04457-6 024 7 $a10.4159/9780674044579 035 $a(CKB)1000000000786960 035 $a(StDuBDS)AH23050931 035 $a(SSID)ssj0000159116 035 $a(PQKBManifestationID)11151169 035 $a(PQKBTitleCode)TC0000159116 035 $a(PQKBWorkID)10159314 035 $a(PQKB)10175292 035 $a(Au-PeEL)EBL3300442 035 $a(CaPaEBR)ebr10318435 035 $a(OCoLC)923111372 035 $a(DE-B1597)574327 035 $a(DE-B1597)9780674044579 035 $a(MiAaPQ)EBC3300442 035 $a(OCoLC)1294425158 035 $a(EXLCZ)991000000000786960 100 $a20000321d2000 uy 0 101 0 $aeng 135 $aur||||||||||| 181 $ctxt 182 $cc 183 $acr 200 10$aFrom the Puritans to the projects$b[electronic resource] $epublic housing and public neighbors /$fLawrence J. Vale 210 $aCambridge, MA $cHarvard University Press$d2000 215 $a1 online resource (xiii, 460 p. )$cill., maps 300 $aOriginally published: 2000. 311 $a0-674-00286-5 311 $a0-674-02575-X 320 $aIncludes bibliographical references (p. [395]-448) and index. 327 $aIllustrations Tables Introduction: The "Public" in Public Housing Public Housing as an American Problem Housing the Public Neighbor Public Housing in Boston PART I: THE PREHISTORY OF PUBLIC HOUSING 1. Coping with the Poor: Techniques and Institutions The Moral Geography of Puritan Space New Institutions for Indoor Relief Tenement Reform Settlement Houses Ideal Tenement Districts 2. Rewarding Upward Mobility: Public Lands, Private Houses, and New Communities Frontier Individualism on Public Lands Homesteads in the Boston Suburbs Residential Districts Communities by Design Public Neighborhoods without Public Neighbors PART II: PUBLIC HOUSING IN BOSTON 3. Building Selective Collectives, 1934-1954 Boston's Selective Collectives Public Works and Private Markets Public Housing as Slum Reform Public Housing as War Production (1940 -1945) Public Housing as Veterans' Assistance (1946 -1954) The Authority Is Watching 4. Managing Poverty and Race, 1955-1980 The Geopolitics of Public Housing Urban Renewal Rewarding the Elderly The Mechanisms of Patronage Racial Discrimination and the BHA Battles within the Bureaucracy The Decline and Fall of the BHA 5. The Boston Housing Authority since 1980: The Puritans Return The Receivership Four Redevelopment Efforts in the 1980's The Politics of Public Housing Preferences Getting Beyond Receivership Boston Public Housing in the 1990's Ideological Retrenchment From the Puritans to the Projects Notes Credits Index 330 8 $aThis title is both a comprehensive institutional history of public housing in Boston and a broader examination of the nature and extent of public obligation to house socially and economically marginal Americans during the past 350 years.$bFrom the almshouses of seventeenth-century Puritans to the massive housing projects of the mid-twentieth century, the struggle over housing assistance in the United States has exposed a deep-seated ambivalence about the place of the urban poor. Lawrence J. Vale's groundbreaking book is both a comprehensive institutional history of public housing in Boston and a broader examination of the nature and extent of public obligation to house socially and economically marginal Americans during the past 350 years. First, Vale highlights startling continuities both in the way housing assistance has been delivered to the American poor and in the policies used to reward the nonpoor. He traces the stormy history of the Boston Housing Authority, a saga of entrenched patronage and virulent racism tempered, and partially overcome, by the efforts of unyielding reformers. He explores the birth of public housing as a program intended to reward the upwardly mobile working poor, details its painful transformation into a system designed to cope with society's least advantaged, and questions current policy efforts aimed at returning to a system of rewards for responsible members of the working class. The troubled story of Boston public housing exposes the mixed motives and ideological complexity that have long characterized housing in America, from the Puritans to the projects. 606 $aPublic housing$zMassachusetts$zBoston$xHistory 606 $aHousing policy$zMassachusetts$zBoston$xHistory 606 $aPoor$zMassachusetts$zBoston$xHistory 615 0$aPublic housing$xHistory. 615 0$aHousing policy$xHistory. 615 0$aPoor$xHistory. 676 $a363.5850974461 700 $aVale$b Lawrence J.$f1959-$0298590 801 0$bMiAaPQ 801 1$bMiAaPQ 801 2$bMiAaPQ 906 $aBOOK 912 $a9910778165103321 996 $aFrom the Puritans to the projects$93693298 997 $aUNINA LEADER 01949nam 2200577 a 450 001 9910962244103321 005 20240516142123.0 010 $a9781283954860 010 $a1283954869 010 $a9781780425726 010 $a1780425724 035 $a(CKB)2670000000170722 035 $a(EBL)886917 035 $a(OCoLC)819589519 035 $a(Au-PeEL)EBL886917 035 $a(CaPaEBR)ebr10622182 035 $a(CaONFJC)MIL426736 035 $a(MiAaPQ)EBC886917 035 $a(Perlego)4524170 035 $a(EXLCZ)992670000000170722 100 $a20121126d2011 uy 0 101 0 $apor 135 $aur|n|---||||| 181 $2rdacontent 182 $2rdamedia 183 $2rdacarrier 200 10$a[Perfect square]$iFrancisco Goya /$f[Victoria Charles] 205 $a1st ed. 210 $a[New York] $cParkstone International$d[2011] 215 $a1 online resource (81 p.) 225 1 $aPerfect Square 300 $aDescription based upon print version of record. 311 08$a9789728819927 311 08$a9728819927 320 $aIncludes bibliographical references. 327 $aBiografia; LISTA DAS ILUSTRAC?O?ES 330 8 $aFrancisco Goya y Lucientes (1746-1828) e? sem du?vida um dos mestres da pintura espanhola do se?culo XVIII. Ele e? tambe?m conhecido como "O Primeiro dos Modernos" devido a? sua te?cnica a negro e a crenc?a de que a visa?o arti?stica e? mais importante que a tradic?a?o.Perfect Square seduzira? todos os amantes de arte ao apresentar uma vasta selecc?a?o das suas obras. 410 0$aPerfect Square 517 1 $aGoya 606 $aPainters$zSpain$vBiography 615 0$aPainters 676 $a760.092 676 $a760/.092 700 $aCharles$b Victoria$0597104 801 0$bMiAaPQ 801 1$bMiAaPQ 801 2$bMiAaPQ 906 $aBOOK 912 $a9910962244103321 996 $aPerfect square$94338443 997 $aUNINA